[Event "ODJM A 2014"]
[Site "Magdeburg GER"]
[Date "2014.06.12"]
[Round "7"]
[White "Reitz, Philipp"]
[Black "Heldt, Ronny"]
[Result "1-0"]
[Termination "normal"]
[Board "20"]
[WhiteElo "1522"]
[BlackElo "1802"]
[PlyCount "63"]
[WhiteFideId "12973297"]
[BlackFideId "12903973"]
[EventCountry "GER"]
[EventRounds "9"]
[EventType "swiss"]
[EventDate "2014.06.07"]

1. e4 e6 2. d4 d5 3. Nd2 c5 4. exd5 Qxd5 5. Ngf3 cxd4 6. Bc4 Qd7 7. O-O Nf6 8.
Nb3 Nc6 9. Nbxd4 Nxd4 10. Nxd4 a6 11. Re1 Be7 12. c3 b5 13. Bb3 O-O 14. Qe2 Nd5
15. Be3 Bb7 16. Rad1 Bf6 17. Bc2 Rfd8 18. Nb3 Rac8 19. Nc5 Qc6 20. Nxb7 Qxb7
21. Qh5 g6 22. Qf3 Qe7 23. Bd4 Bxd4 24. Rxd4 b4 25. Rxd5 bxc3 26. bxc3 Rxd5 27.
Qxd5 Qa3 28. Qb3 Qd6 29. g3 h5 30. Bxg6 Qd2 31. Bxf7+ Kg7 32. Qxe6 1-0

[Event "ODJM A 2014"]
[Site "Magdeburg GER"]
[Date "2014.06.12"]
[Round "7"]
[White "Denzer, Johannes"]
[Black "Wiese, Tobias"]
[Result "1-0"]
[Termination "normal"]
[Board "21"]
[WhiteElo "1637"]
[BlackElo "1548"]
[PlyCount "63"]
[WhiteFideId "1271724"]
[BlackFideId "12974382"]
[EventCountry "GER"]
[EventRounds "9"]
[EventType "swiss"]
[EventDate "2014.06.07"]

1. e4 e6 2. d4 d5 3. Nc3 Nf6 4. e5 Nfd7 5. Qh5 c5 6. Nf3 Be7 7. Nb5 Nc6 8. Ng5
g6 9. Qh6 Bf8 10. Qh3 Nxd4 11. c3 Nxb5 12. Bxb5 h6 13. Nxe6 fxe6 14. Qxe6+ Qe7
15. Qxd5 a6 16. Ba4 Rb8 17. O-O b5 18. Bc2 Rb6 19. Bf4 Bb7 20. Qd3 Re6 21. Rfe1
Bg7 22. Qg3 g5 23. Bd2 Bxe5 24. Qh3 Qf6 25. Bf5 Re7 26. Bxd7+ Rxd7 27. Rxe5+
Kd8 28. Re2 Rf8 29. Rd1 Qg6 30. Bxg5+ Kc8 31. Qxd7+ Kb8 32. Bf4+ 1-0

[Event "ODJM A 2014"]
[Site "Magdeburg GER"]
[Date "2014.06.12"]
[Round "7"]
[White "Dathe, Frederick"]
[Black "Bossert, Felix"]
[Result "1-0"]
[Termination "normal"]
[Board "22"]
[WhiteElo "1576"]
[BlackElo "1531"]
[PlyCount "95"]
[WhiteFideId "12963070"]
[BlackFideId "12960977"]
[EventCountry "GER"]
[EventRounds "9"]
[EventType "swiss"]
[EventDate "2014.06.07"]

1. d4 d5 2. c4 c6 3. Nc3 Nf6 4. Bg5 e6 5. c5 h6 6. Bf4 b6 7. cxb6 axb6 8. e3
Nbd7 9. Nf3 Nh5 10. Bg3 Nxg3 11. hxg3 Bd6 12. Bd3 Ba6 13. O-O O-O 14. a3 Bxd3
15. Qxd3 Qe7 16. Rfc1 Rfb8 17. e4 dxe4 18. Nxe4 c5 19. dxc5 Bxc5 20. b4 f5 21.
Ned2 Bd6 22. Rc6 Ne5 23. Qxd6 Nxc6 24. Qxc6 Ra7 25. Nd4 Rd7 26. N2f3 Rd6 27.
Qc4 Kh7 28. Ne5 Qf6 29. Re1 Rbd8 30. Ndf3 Rd1 31. Qe2 Rxe1+ 32. Qxe1 Ra8 33.
Qe3 Qd8 34. Nd4 Ra6 35. Qd3 Ra8 36. g4 Qf6 37. Nd7 Qd8 38. Nxe6 Qe7 39. gxf5
Kh8 40. Nxb6 Rb8 41. Qd4 Rb7 42. Nf4 Qg5 43. Ng6+ Kh7 44. Qc5 Rb8 45. Nd7 Rd8
46. Ndf8+ Rxf8 47. Qxf8 Qc1+ 48. Kh2 1-0

[Event "ODJM A 2014"]
[Site "Magdeburg GER"]
[Date "2014.06.12"]
[Round "7"]
[White "Möller, Hannah"]
[Black "Karsay, Pascal"]
[Result "0-1"]
[Termination "normal"]
[Board "23"]
[WhiteElo "1577"]
[BlackElo "1779"]
[PlyCount "118"]
[WhiteFideId "1270514"]
[BlackFideId "12953474"]
[EventCountry "GER"]
[EventRounds "9"]
[EventType "swiss"]
[EventDate "2014.06.07"]

1. c4 Nf6 2. g3 g6 3. Bg2 Bg7 4. Nc3 O-O 5. e3 e5 6. Nge2 c6 7. d4 d6 8. O-O
Qe7 9. b3 e4 10. h3 h5 11. Bb2 Bf5 12. Nf4 Re8 13. Qe2 Nbd7 14. Rad1 Nh7 15. a3
Ndf6 16. b4 Qd7 17. Kh2 d5 18. cxd5 cxd5 19. Qb5 Qxb5 20. Nxb5 Red8 21. Rc1 g5
22. Ne2 a6 23. Nbc3 b5 24. a4 Bd7 25. axb5 axb5 26. Nb1 Bf8 27. Ba3 Ne8 28. f3
f5 29. Rc3 Nd6 30. Nd2 Nc4 31. Nxc4 bxc4 32. Rb1 Ra4 33. Bc1 Rxb4 34. Ra1 Rdb8
35. Ba3 Ra4 36. f4 g4 37. h4 Rba8 38. Kg1 Rxa3 39. Raxa3 Rxa3 40. Rxa3 Bxa3 41.
Nc3 Bc6 42. Bf1 Bb2 43. Na2 c3 44. Ba6 c2 45. Kf2 c1=Q 46. Nxc1 Bxc1 47. Bc8
Nf8 48. Bxf5 Bb7 49. Ke2 Kf7 50. Kf2 Kf6 51. Bxg4 hxg4 52. Ke2 Ba6+ 53. Kf2 Bd3
54. h5 Nh7 55. Ke1 Bxe3 56. h6 Bxd4 57. Kd2 Kg6 58. Ke1 Kxh6 59. Kd2 Nf6 0-1

[Event "ODJM A 2014"]
[Site "Magdeburg GER"]
[Date "2014.06.12"]
[Round "7"]
[White "Greßmann, Hanna"]
[Black "Schwenke, Stefan"]
[Result "1/2-1/2"]
[Termination "normal"]
[Board "24"]
[WhiteElo "1551"]
[BlackElo "1758"]
[PlyCount "48"]
[WhiteFideId "12930709"]
[BlackFideId "12948438"]
[EventCountry "GER"]
[EventRounds "9"]
[EventType "swiss"]
[EventDate "2014.06.07"]

1. e4 e6 2. d4 d5 3. exd5 exd5 4. Bd3 Qe7+ 5. Qe2 Bg4 6. Qxe7+ Bxe7 7. Bf4 Nc6
8. Bxc7 Rc8 9. Bf4 Nxd4 10. c3 Bf5 11. Bxf5 Nxf5 12. Nf3 Nf6 13. O-O O-O 14.
Nbd2 h6 15. Nb3 g5 16. Be5 Ng4 17. Bd4 Nxd4 18. Nfxd4 f5 19. Rfe1 Bd6 20. h3
Ne5 21. Nb5 Bb8 22. Nxa7 Rce8 23. Nb5 Nd3 24. Red1 Nf4 1/2-1/2

[Event "ODJM A 2014"]
[Site "Magdeburg GER"]
[Date "2014.06.12"]
[Round "7"]
[White "Denkert, Robert"]
[Black "Vukojevic, Angelo"]
[Result "1/2-1/2"]
[Termination "normal"]
[Board "25"]
[WhiteElo "1731"]
[BlackElo "1448"]
[PlyCount "74"]
[WhiteFideId "12957216"]
[BlackFideId "12979546"]
[EventCountry "GER"]
[EventRounds "9"]
[EventType "swiss"]
[EventDate "2014.06.07"]

1. e4 c5 2. Nc3 Nc6 3. f4 d6 4. Nf3 g6 5. Bc4 Bg7 6. O-O e6 7. d3 Nge7 8. Qe1
O-O 9. f5 exf5 10. Qh4 h5 11. Bg5 Be6 12. Nd5 Re8 13. Nf6+ Kh8 14. Nxe8 Qxe8
15. Bxe6 fxe6 16. c3 b5 17. Qf2 b4 18. Qc2 a5 19. Rfc1 Rc8 20. a3 bxc3 21. bxc3
d5 22. Bxe7 Nxe7 23. e5 Bh6 24. Re1 g5 25. Kh1 g4 26. Ng1 Ng6 27. Qf2 Kh7 28.
d4 Nf4 29. Qf1 c4 30. Reb1 Rc7 31. a4 Nd3 32. g3 Be3 33. Ne2 Nf2+ 34. Kg2 Ne4
35. Rb5 Nd2 36. Qd1 Nb3 37. Ra2 Qc8 1/2-1/2

[Event "ODJM A 2014"]
[Site "Magdeburg GER"]
[Date "2014.06.12"]
[Round "7"]
[White "Wolff, Marie Antoinette"]
[Black "Kasel, Alexander"]
[Result "1/2-1/2"]
[Termination "normal"]
[Board "26"]
[WhiteElo "1628"]
[BlackElo "1498"]
[PlyCount "122"]
[WhiteFideId "12908258"]
[BlackFideId "12969982"]
[EventCountry "GER"]
[EventRounds "9"]
[EventType "swiss"]
[EventDate "2014.06.07"]

1. c4 e5 2. Nc3 Nf6 3. d3 d5 4. cxd5 Nxd5 5. Nf3 Nc6 6. g3 Be7 7. Bg2 Nb6 8.
O-O O-O 9. a3 Be6 10. b4 a6 11. Bb2 f6 12. Rc1 Qe8 13. e3 Rd8 14. Qe2 Qg6 15.
Rfd1 Rd7 16. Nh4 Qf7 17. Nf3 Rfd8 18. d4 Bc4 19. Qe1 Bb3 20. Rd3 f5 21. Rd2 e4
22. Nh4 g5 23. Nxf5 Qxf5 24. Nxe4 Bd5 25. Nc5 Bxg2 26. Kxg2 Bxc5 27. Rxc5 Qg6
28. Qd1 Rd5 29. Qb3 Kf8 30. Rdc2 Rxc5 31. Rxc5 Rd5 32. b5 axb5 33. Qxb5 Rxc5
34. Qxc5+ Kf7 35. e4 Qxe4+ 36. Kg1 Qb1+ 37. Bc1 Na4 38. Qc4+ Kf8 39. Qxa4 Qxc1+
40. Kg2 Qb1 41. Qa8+ Kf7 42. Qc8 Qe4+ 43. Kg1 Qb1+ 44. Kg2 Ne7 45. Qxc7 b5 46.
Qe5 Qf5 47. Qd6 Qd5+ 48. Qxd5+ Nxd5 49. Kf1 b4 50. Ke1 b3 51. Kd2 Kf6 52. a4
Nb4 53. Kc3 Nc2 54. Kxb3 Nxd4+ 55. Kc4 Ke5 56. Kd3 g4 57. Ke3 Nf3 58. h4 h5 59.
Kd3 Nh2 60. Ke3 Nf1+ 61. Kd3 Nh2 1/2-1/2

[Event "ODJM A 2014"]
[Site "Magdeburg GER"]
[Date "2014.06.12"]
[Round "7"]
[White "Hesse, Henrik"]
[Black "Wagner, Swenja"]
[Result "1/2-1/2"]
[Termination "normal"]
[Board "27"]
[WhiteElo "1645"]
[BlackElo "1417"]
[PlyCount "50"]
[WhiteFideId "12952060"]
[BlackFideId "12900494"]
[EventCountry "GER"]
[EventRounds "9"]
[EventType "swiss"]
[EventDate "2014.06.07"]

1. e4 e5 2. Nf3 Nc6 3. Bc4 Nf6 4. d3 Bc5 5. c3 d6 6. O-O Bg4 7. Re1 Qe7 8. Be3
Bb6 9. Nbd2 O-O 10. h3 Bh5 11. Nf1 Rad8 12. Bxb6 axb6 13. Ne3 Qd7 14. a4 Kh8
15. g4 Bg6 16. Nh4 Ne7 17. Qf3 h6 18. Kh2 Rfe8 19. Nhf5 Nxf5 20. Nxf5 d5 21.
exd5 Nxd5 22. Ne3 e4 23. dxe4 Bxe4 24. Qg3 Nxe3 25. Rxe3 Bg6 1/2-1/2

[Event "ODJM A 2014"]
[Site "Magdeburg GER"]
[Date "2014.06.12"]
[Round "7"]
[White "Maurer, Noah"]
[Black "Lengler, Tim"]
[Result "1-0"]
[Termination "normal"]
[Board "30"]
[WhiteElo "1823"]
[BlackElo "1573"]
[PlyCount "65"]
[WhiteFideId "12920673"]
[BlackFideId "12936197"]
[EventCountry "GER"]
[EventRounds "9"]
[EventType "swiss"]
[EventDate "2014.06.07"]

1. e4 c5 2. Nf3 d6 3. d4 cxd4 4. Nxd4 Nf6 5. Nc3 a6 6. Be3 e5 7. Nb3 Be6 8. h3
Be7 9. f4 O-O 10. f5 Bd7 11. g4 Bc6 12. Bg2 Ne8 13. Qf3 Nd7 14. O-O-O Nb6 15.
Bf1 Rc8 16. Be2 Na4 17. Nd5 Bxd5 18. Rxd5 Qc7 19. Rd2 Nb6 20. g5 Kh8 21. h4 Qc6
22. Na5 Qa4 23. Bxb6 Qxa2 24. Qa3 Qxa3 25. bxa3 d5 26. Rxd5 Bxa3+ 27. Kb1 Nd6
28. Bd3 Bb4 29. Rxe5 Rc3 30. Nb3 Rfc8 31. Rd5 R8c6 32. Bd4 Rxd3 33. cxd3 1-0

[Event "ODJM A 2014"]
[Site "Magdeburg GER"]
[Date "2014.06.14"]
[Round "9"]
[White "Doberitz, Paul"]
[Black "Berchtenbreiter, Maximilian"]
[Result "1/2-1/2"]
[Termination "normal"]
[Board "1"]
[BlackTitle "IM"]
[WhiteElo "2211"]
[BlackElo "2396"]
[WhiteClock "00:28:19"]
[BlackClock "00:15:51"]
[PlyCount "82"]
[WhiteFideId "24646130"]
[BlackFideId "24641120"]
[EventCountry "GER"]
[EventRounds "9"]
[EventType "swiss"]
[EventDate "2014.06.07"]

1. e4 c6 2. d4 d5 3. e5 g6 4. Nf3 Na6 5. Nbd2 Nc7 6. Be2 Bg4 7. O-O h5 8. Re1
Nh6 9. Nf1 Nf5 10. Ne3 Ne6 11. Nxf5 Bxf5 12. Nh4 Ng7 13. Bg5 Qd7 14. Qd2 Be6
15. Bd3 Nf5 16. Nf3 Bg7 17. h3 Kf8 18. a4 Kg8 19. b4 f6 20. exf6 exf6 21. Be3
g5 22. Nh2 g4 23. hxg4 hxg4 24. Nxg4 Nxe3 25. Nxe3 Kf7 26. Qe2 Rh4 27. Qf3 Rah8
28. g3 Rxd4 29. Bf5 Bf8 30. c3 Bxf5 31. Nxf5 Rc4 32. Kg2 Kg6 33. g4 Kg5 34.
Qe3+ Kg6 35. f3 Qc7 36. Rh1 Rxh1 37. Rxh1 Qe5 38. Rh6+ Kf7 39. Rh7+ Kg6 40.
Rh6+ Kf7 41. Rh7+ Kg6 1/2-1/2

[Event "ODJM A 2014"]
[Site "Magdeburg GER"]
[Date "2014.06.14"]
[Round "9"]
[White "Stein, Daniel"]
[Black "Rietze, Clemens"]
[Result "1/2-1/2"]
[Termination "normal"]
[Board "2"]
[BlackTitle "FM"]
[WhiteElo "1969"]
[BlackElo "2288"]
[WhiteClock "00:33:23"]
[BlackClock "00:11:30"]
[PlyCount "90"]
[WhiteFideId "12939307"]
[BlackFideId "24620351"]
[EventCountry "GER"]
[EventRounds "9"]
[EventType "swiss"]
[EventDate "2014.06.07"]

1. d4 Nf6 2. c4 g6 3. Nc3 d5 4. cxd5 Nxd5 5. e4 Nxc3 6. bxc3 Bg7 7. Bg5 b6 8.
Rc1 Bb7 9. Bd3 Qd6 10. Nf3 Nd7 11. O-O e5 12. Qe2 Qa3 13. Rb1 O-O 14. Rb3 Qd6
15. Rd1 exd4 16. cxd4 Rfe8 17. Qc2 c5 18. d5 Ne5 19. Nxe5 Bxe5 20. Bb5 Rec8 21.
Rh3 a6 22. Be2 b5 23. Bg4 Re8 24. Kh1 Bc8 25. f3 Bxg4 26. fxg4 f6 27. Be3 c4
28. Qf2 Rac8 29. Qh4 Rc7 30. Rf1 c3 31. Rhf3 Rf7 32. Qf2 Qb4 33. Bg5 Ref8 34.
Bh6 Rd8 35. Qb6 Qd6 36. Qf2 Qb4 37. Qb6 Qd6 38. Qf2 Rb8 39. g5 Qb4 40. gxf6
Qxe4 41. d6 Qd5 42. Bg7 Qxd6 43. Qh4 Rxg7 44. fxg7 Bxg7 45. Qe4 Qc5 1/2-1/2

[Event "ODJM A 2014"]
[Site "Magdeburg GER"]
[Date "2014.06.14"]
[Round "9"]
[White "Wenninger, Philipp"]
[Black "Zeller, Elisa"]
[Result "1-0"]
[Termination "normal"]
[Board "3"]
[WhiteElo "2251"]
[BlackElo "1921"]
[WhiteClock "00:13:49"]
[BlackClock "00:00:33"]
[PlyCount "83"]
[WhiteFideId "4648404"]
[BlackFideId "24662410"]
[EventCountry "GER"]
[EventRounds "9"]
[EventType "swiss"]
[EventDate "2014.06.07"]

1. d4 Nf6 2. c4 g6 3. Nc3 Bg7 4. e4 d6 5. f3 Nbd7 6. Nh3 e5 7. d5 a6 8. Nf2 Qe7
9. Be3 h6 10. Qd2 Nf8 11. Be2 Bd7 12. O-O g5 13. b4 Ng6 14. c5 O-O 15. Rac1 Ne8
16. g4 Nf4 17. Nd3 Qf6 18. Nxf4 gxf4 19. Bf2 Qg6 20. Kh1 Kh7 21. Rg1 Rh8 22. h3
h5 23. Kg2 Kg8 24. Rh1 Nf6 25. Rcg1 Kh7 26. Kf1 Rhe8 27. Rh2 Kg8 28. Ke1 Kf8
29. Kd1 Rec8 30. Kc1 Ne8 31. Kb2 a5 32. b5 hxg4 33. hxg4 dxc5 34. Bxc5+ Nd6 35.
a4 b6 36. Ba3 Ke8 37. Nb1 f5 38. Nc3 fxg4 39. fxg4 f3 40. Bxd6 fxe2 41. Ba3
Bxg4 42. Rhg2 1-0

[Event "ODJM A 2014"]
[Site "Magdeburg GER"]
[Date "2014.06.14"]
[Round "9"]
[White "Meißner, Felix"]
[Black "Kaplun, David"]
[Result "1-0"]
[Termination "normal"]
[Board "4"]
[WhiteTitle "FM"]
[WhiteElo "2254"]
[BlackElo "1800"]
[WhiteClock "00:12:30"]
[BlackClock "00:38:35"]
[PlyCount "65"]
[WhiteFideId "24671827"]
[BlackFideId "12901954"]
[EventCountry "GER"]
[EventRounds "9"]
[EventType "swiss"]
[EventDate "2014.06.07"]

1. e4 d5 2. exd5 Qxd5 3. Nf3 a6 4. d4 Nf6 5. Be2 e6 6. O-O Be7 7. c4 Qd6 8. Nc3
O-O 9. Bg5 Rd8 10. Qc2 b6 11. Ne4 Nxe4 12. Qxe4 Ra7 13. Bf4 Qd7 14. Rfd1 Bb7
15. Qe3 Bf6 16. Ne5 Qe7 17. Ng4 Ba8 18. Nxf6+ Qxf6 19. Bg5 Qg6 20. Bd3 f5 21.
Bf1 Re8 22. Bf4 Nd7 23. Qg3 Qxg3 24. Bxg3 Nf6 25. f3 Kf7 26. Rd2 c6 27. c5 b5
28. a4 b4 29. a5 Rd8 30. Ra4 Nd5 31. Be5 Nc7 32. Bxc7 Rxc7 33. Rxb4 1-0

[Event "ODJM A 2014"]
[Site "Magdeburg GER"]
[Date "2014.06.14"]
[Round "9"]
[White "Carow, Annelen"]
[Black "Cremer, Jan Paul"]
[Result "1/2-1/2"]
[Termination "normal"]
[Board "5"]
[WhiteElo "2044"]
[BlackElo "2211"]
[WhiteClock "00:26:12"]
[BlackClock "01:03:24"]
[PlyCount "83"]
[WhiteFideId "24692492"]
[BlackFideId "24686115"]
[EventCountry "GER"]
[EventRounds "9"]
[EventType "swiss"]
[EventDate "2014.06.07"]

1. d4 Nf6 2. c4 g6 3. Nc3 Bg7 4. e4 d6 5. f3 O-O 6. Be3 c5 7. Nge2 Nc6 8. d5
Ne5 9. Ng3 e6 10. Be2 exd5 11. cxd5 a6 12. a4 h5 13. O-O Ne8 14. Qd2 Kh7 15. h3
h4 16. Nh1 f5 17. f4 Nf7 18. Nf2 b6 19. Bd3 Nf6 20. Rae1 Re8 21. exf5 Bxf5 22.
Bxf5 gxf5 23. Qd3 Qd7 24. Bd2 Nh5 25. Re6 Ng3 26. Rfe1 b5 27. Nh1 c4 28. Qe3
Bxc3 29. Bxc3 Ne4 30. Nf2 Rxe6 31. dxe6 Qxe6 32. Nxe4 fxe4 33. Qd4 Rg8 34.
Qxe4+ Qxe4 35. Rxe4 d5 36. Re7 Rf8 37. Ra7 bxa4 38. Rxa6 Nh6 39. Be5 Nf5 40.
Rxa4 Rd8 41. Kf2 Rd7 42. Rb4 1/2-1/2

[Event "ODJM A 2014"]
[Site "Magdeburg GER"]
[Date "2014.06.14"]
[Round "9"]
[White "Giraud, Valerian"]
[Black "Lüßmann, Thomas"]
[Result "1/2-1/2"]
[Termination "normal"]
[Board "6"]
[WhiteElo "2004"]
[BlackElo "1893"]
[WhiteClock "00:27:42"]
[BlackClock "00:36:09"]
[PlyCount "55"]
[WhiteFideId "12920355"]
[BlackFideId "1270602"]
[EventCountry "GER"]
[EventRounds "9"]
[EventType "swiss"]
[EventDate "2014.06.07"]

1. d4 d5 2. c4 e6 3. Nc3 Nf6 4. cxd5 exd5 5. Bg5 Be7 6. Qc2 Nbd7 7. e3 c6 8.
Bd3 O-O 9. Nf3 Re8 10. h3 Nf8 11. Bf4 Be6 12. O-O-O Rc8 13. Kb1 Qa5 14. Rc1 Ne4
15. Bxe4 dxe4 16. Nd2 f5 17. Qa4 Bb4 18. Qxa5 Bxa5 19. Nb3 Bxb3 20. axb3 Bb4
21. Rc2 Ng6 22. Bg3 Kf7 23. Rhc1 Ke6 24. Na4 Kd5 25. Nc5 b6 26. Na6 Bd6 27.
Bxd6 Kxd6 28. Nb4 1/2-1/2

[Event "ODJM A 2014"]
[Site "Magdeburg GER"]
[Date "2014.06.14"]
[Round "9"]
[White "Balazs, Balint"]
[Black "Bart, Simon"]
[Result "0-1"]
[Termination "normal"]
[Board "7"]
[WhiteElo "1846"]
[BlackElo "2027"]
[PlyCount "48"]
[WhiteFideId "12922757"]
[BlackFideId "24637327"]
[EventCountry "GER"]
[EventRounds "9"]
[EventType "swiss"]
[EventDate "2014.06.07"]

1. e4 c5 2. Nf3 d6 3. d4 cxd4 4. Nxd4 Nf6 5. Nc3 a6 6. Bg5 e6 7. f3 Be7 8. Qd2
b5 9. h4 Bb7 10. O-O-O Nbd7 11. g4 O-O 12. Be3 b4 13. Nce2 d5 14. g5 Nh5 15.
exd5 Bxd5 16. Kb1 Ne5 17. Rh3 Bc5 18. Nxe6 Bxe6 19. Bxc5 Qa5 20. Qxb4 Qxa2+ 21.
Kc1 Rfd8 22. Rxd8+ Rxd8 23. Nc3 Qa1+ 24. Nb1 Qxb1+ 0-1

[Event "ODJM A 2014"]
[Site "Magdeburg GER"]
[Date "2014.06.14"]
[Round "9"]
[White "Reisberg, Andre"]
[Black "van Klev, Fabian"]
[Result "1/2-1/2"]
[Termination "normal"]
[Board "9"]
[WhiteElo "1989"]
[BlackElo "1880"]
[PlyCount "43"]
[WhiteFideId "1270630"]
[BlackFideId "12964255"]
[EventCountry "GER"]
[EventRounds "9"]
[EventType "swiss"]
[EventDate "2014.06.07"]

1. d4 Nf6 2. Nf3 e6 3. c4 Bb4+ 4. Bd2 a5 5. a3 Bxd2+ 6. Nbxd2 d5 7. e3 O-O 8.
Bd3 Nbd7 9. cxd5 exd5 10. Rc1 c6 11. O-O Re8 12. Qc2 Qe7 13. Nb3 a4 14. Nc5
Nxc5 15. Qxc5 Qxc5 16. Rxc5 Ne4 17. Bxe4 Rxe4 18. Ne5 f6 19. Nd3 Re7 20. Rc3
Bf5 21. Rfc1 Bxd3 22. Rxd3 1/2-1/2

[Event "ODJM A 2014"]
[Site "Magdeburg GER"]
[Date "2014.06.14"]
[Round "9"]
[White "Maar, Samuel"]
[Black "Alten, Silvio"]
[Result "0-1"]
[Termination "normal"]
[Board "10"]
[WhiteElo "1765"]
[BlackElo "1890"]
[PlyCount "130"]
[WhiteFideId "12952591"]
[BlackFideId "24660078"]
[EventCountry "GER"]
[EventRounds "9"]
[EventType "swiss"]
[EventDate "2014.06.07"]

1. c4 Nf6 2. g3 g6 3. Bg2 Bg7 4. Nc3 e5 5. e3 Nc6 6. Nge2 O-O 7. O-O d6 8. d4
Bg4 9. b3 Qd7 10. Bb2 exd4 11. exd4 Rae8 12. Qd2 Bh3 13. Nf4 Bxg2 14. Nxg2 Ne4
15. Nxe4 Rxe4 16. Rfe1 Nxd4 17. Qd3 Rxe1+ 18. Rxe1 Qf5 19. Qxf5 Nxf5 20. Bxg7
Nxg7 21. Nf4 Re8 22. Rd1 Ne6 23. Re1 c6 24. Nd3 Kf8 25. Rd1 Ng5 26. Nf4 Ke7 27.
h4 Ne4 28. Re1 Kd7 29. Rd1 Nc3 30. Rd2 Re1+ 31. Kg2 Ra1 32. a4 Rb1 33. Nd3 Kc7
34. c5 d5 35. Rb2 Rxb2 36. Nxb2 a5 37. f3 Ne2 38. Nd3 Nd4 39. Nc1 b6 40. cxb6+
Kxb6 41. Kf2 c5 42. Ke3 Nf5+ 43. Kf4 f6 44. h5 Nd4 45. Kg4 c4 46. bxc4 dxc4 47.
Kf4 Ne6+ 48. Ke4 Nc5+ 49. Kd4 Nb3+ 50. Nxb3 cxb3 51. Kc3 gxh5 52. Kxb3 Kc5 53.
Kc3 f5 54. f4 h6 55. Kd3 Kb4 56. Kd4 Kxa4 57. Ke5 Kb3 58. Kxf5 a4 59. Ke6 a3
60. f5 a2 61. f6 a1=Q 62. f7 Qg7 63. Ke7 Kc4 64. Ke8 Qxg3 65. Kd7 Qg7 0-1

[Event "ODJM A 2014"]
[Site "Magdeburg GER"]
[Date "2014.06.14"]
[Round "9"]
[White "Schmidt, Daniel"]
[Black "Wieber, Dominik"]
[Result "1-0"]
[Termination "normal"]
[Board "11"]
[WhiteElo "1775"]
[BlackElo "1845"]
[PlyCount "79"]
[WhiteFideId "12957950"]
[BlackFideId "24699012"]
[EventCountry "GER"]
[EventRounds "9"]
[EventType "swiss"]
[EventDate "2014.06.07"]

1. c4 e5 2. Nc3 Nf6 3. g3 d6 4. Bg2 c6 5. e3 Be6 6. b3 Nbd7 7. Nge2 Be7 8. O-O
d5 9. cxd5 Nxd5 10. Bb2 O-O 11. d4 Nxc3 12. Bxc3 Bf6 13. Rc1 Qe7 14. Qd2 exd4
15. Nxd4 Rfd8 16. Qb2 Rab8 17. Rfd1 c5 18. Nxe6 Bxc3 19. Rxc3 Qxe6 20. Rcd3 Kf8
21. Qd2 Ke8 22. Rd6 Qe7 23. Qd3 g6 24. Qb5 a6 25. Qa4 f6 26. Bh3 b5 27. Qxa6
Ne5 28. Rxd8+ Rxd8 29. Qxb5+ Kf7 30. Rxd8 Qxd8 31. Qb7+ Kf8 32. Qc8 Qxc8 33.
Bxc8 Ke7 34. Ba6 Kd6 35. Be2 Kc6 36. f4 Nd7 37. Kf2 Kd6 38. Bc4 Nb8 39. Bb5 Kc7
40. Ke2 1-0

[Event "ODJM A 2014"]
[Site "Magdeburg GER"]
[Date "2014.06.14"]
[Round "9"]
[White "Denzer, Johannes"]
[Black "Nahnsen, Kenneth"]
[Result "1/2-1/2"]
[Termination "normal"]
[Board "12"]
[WhiteElo "1637"]
[BlackElo "1729"]
[PlyCount "41"]
[WhiteFideId "1271724"]
[BlackFideId "12957119"]
[EventCountry "GER"]
[EventRounds "9"]
[EventType "swiss"]
[EventDate "2014.06.07"]

1. e4 c5 2. Nf3 d6 3. Bb5+ Bd7 4. Bxd7+ Qxd7 5. Nc3 g6 6. d3 Bg7 7. Ne2 Nc6 8.
c3 e6 9. Be3 Nf6 10. h3 O-O 11. O-O b5 12. Ng3 Qe7 13. Qd2 h5 14. Bh6 Nh7 15.
Bxg7 Kxg7 16. d4 cxd4 17. Nxd4 Nxd4 18. Qxd4+ Kh6 19. Qd2+ Kg7 20. Qd4+ Kh6 21.
Qd2+ 1/2-1/2

[Event "ODJM A 2014"]
[Site "Magdeburg GER"]
[Date "2014.06.14"]
[Round "9"]
[White "Reitz, Philipp"]
[Black "Gauchel, Lorenz"]
[Result "0-1"]
[Termination "normal"]
[Board "13"]
[WhiteElo "1522"]
[BlackElo "1766"]
[PlyCount "70"]
[WhiteFideId "12973297"]
[BlackFideId "12905283"]
[EventCountry "GER"]
[EventRounds "9"]
[EventType "swiss"]
[EventDate "2014.06.07"]

1. e4 Nf6 2. Nc3 d5 3. exd5 Nxd5 4. Nf3 c5 5. Bc4 Nb6 6. Be2 Nc6 7. O-O Bg4 8.
Re1 e6 9. d4 Bxf3 10. Bxf3 cxd4 11. Nb5 Bc5 12. Bf4 O-O 13. Be5 Nc4 14. Bxc6
bxc6 15. Bxd4 Bxd4 16. Nxd4 Nxb2 17. Qg4 Qd5 18. Qe4 Rfc8 19. Qxd5 cxd5 20.
Rab1 Rab8 21. f4 Rc4 22. c3 Rb6 23. Re3 g6 24. g4 Na4 25. Rxb6 axb6 26. Ne2 Nc5
27. g5 Ra4 28. Kf2 Rxa2 29. h4 Kg7 30. Rh3 b5 31. Rh1 Ne4+ 32. Kf3 Rxe2 33.
Kxe2 Ng3+ 34. Kf3 Nxh1 35. Kg2 d4 0-1

[Event "ODJM A 2014"]
[Site "Magdeburg GER"]
[Date "2014.06.14"]
[Round "9"]
[White "Laubrock, Paul"]
[Black "Dathe, Frederick"]
[Result "1-0"]
[Termination "normal"]
[Board "15"]
[WhiteElo "1779"]
[BlackElo "1576"]
[PlyCount "93"]
[WhiteFideId "1270509"]
[BlackFideId "12963070"]
[EventCountry "GER"]
[EventRounds "9"]
[EventType "swiss"]
[EventDate "2014.06.07"]

1. d4 d5 2. Nc3 f5 3. f3 Nf6 4. Bg5 Nbd7 5. Qd3 e6 6. e4 h6 7. Bd2 Nb6 8. e5
Nfd7 9. Qe3 c5 10. Bb5 a6 11. dxc5 axb5 12. cxb6 Bc5 13. Qe2 Qxb6 14. Nh3 Bd4
15. Nxb5 Bxe5 16. Be3 d4 17. Bf4 Bxf4 18. Nxf4 Kf7 19. Nc7 Qd6 20. O-O Ra5 21.
Nfxe6 Re5 22. Qd3 Nf6 23. Qxd4 Rxe6 24. Nxe6 Qxe6 25. Rfe1 Qd5 26. Qc3 Qc6 27.
Qxc6 bxc6 28. Rad1 Be6 29. Rd6 Bd5 30. b3 Re8 31. Rxe8 Kxe8 32. c4 Ke7 33. c5
Nd7 34. b4 Bxa2 35. Rxc6 Bd5 36. Rg6 Kf7 37. Rd6 Be6 38. c6 Nb6 39. c7 Nc8 40.
Rd2 Ke7 41. b5 Nb6 42. Kf2 Nc4 43. Rd4 Nd6 44. b6 Kd7 45. Ke3 Kc6 46. Kf4 g5+
47. Ke5 1-0

[Event "ODJM A 2014"]
[Site "Magdeburg GER"]
[Date "2014.06.14"]
[Round "9"]
[White "Wastian, Jan"]
[Black "Garbuz, Vitaliy"]
[Result "1/2-1/2"]
[Termination "normal"]
[Board "16"]
[WhiteElo "1647"]
[BlackElo "1627"]
[PlyCount "61"]
[WhiteFideId "12911640"]
[BlackFideId "12990710"]
[EventCountry "GER"]
[EventRounds "9"]
[EventType "swiss"]
[EventDate "2014.06.07"]

1. e4 e5 2. Nf3 Nc6 3. Bb5 a6 4. Ba4 Nf6 5. d3 b5 6. Bb3 Be7 7. a4 b4 8. a5 d6
9. c3 Rb8 10. Nbd2 O-O 11. O-O h6 12. h3 Be6 13. Bc2 Na7 14. Nb3 bxc3 15. bxc3
c5 16. Bd2 Nc6 17. c4 Nd7 18. g4 Kh7 19. Nh2 g6 20. f4 f5 21. exf5 gxf5 22. g5
Qe8 23. gxh6 Qg6+ 24. Kh1 e4 25. Qe2 d5 26. dxe4 dxe4 27. Bc3 Qxh6 28. Rg1 Bf6
29. Bxf6 Rxf6 30. Rg5 Bf7 31. Rag1 1/2-1/2